La logica e la sua storia da Aristotele a Russell.

Na minha lista:
Detalhes bibliográficos
Autor principal: Blanché, Robert (autore)
Formato: Livro
Publicado em: Roma, Italia: Ubaldini, 1973.
Colecção:Le Grandi Opere.
Assuntos:
Tags: Adicionar Tag
Sem tags, seja o primeiro a adicionar uma tag!

MARC

LEADER 00000nam a22000007a 4500
003 CL-VaPUC
005 20220822114818.0
008 220804t1973 ||||| |||| 00| 0 eng d
999 |c 437996  |d 437994 
040 |c Pontificia Universidad Católica de Valparaíso 
082 7 |a 160 BLA 1973  |2 22 
100 |a Blanché, Robert   |9 867105  |e autore 
245 1 3 |a La logica e la sua storia da Aristotele a Russell.  
260 |a Roma, Italia:  |b Ubaldini,   |c 1973. 
300 |a 414 páginas.  
490 |a Le Grandi Opere. 
500 |a c.1 Donación Familia Prof. Alejandro Guzmán Brito. 
583 |c 20220310  |k Cristina María Rojas Aguilar 
650 |a Lógica   |x Historia   |9 869337 
942 |2 ddc  |c BK  |n 0 
952 |0 0  |1 0  |2 ddc  |4 0  |6 160_000000000000000_BLA_1973  |7 0  |8 C_AGB  |9 585862  |a BIBDER  |b BIBDER  |d 2022-08-04  |e Donación   |i 5653801  |o 160 BLA 1973  |p 5653801  |r 2023-01-25  |t 1  |w 2022-08-04  |y BK_US  |k AGB